000 00518cam a2200217ua 4500
001 7637
005 20260515114235.0
008 141218n ii |||gr||||Z||||||asm
020 _a8173393168
040 _cMAIN
041 _aasm
082 _a891.4513
100 _aGogoi, L.,
_eAuthor.
245 1 _aNai bai jaya
_cBy Lila Gogoi
250 _a1st.
260 _aDIbrugarh:
_bBanalata,
_c2004.
300 _a316p.
653 _aEast Indo-European & Celtic literatures
653 _aAssamese novels
942 _cBK
999 _c6754
_d6754